• 首页
  • 本馆介绍
  • 公告通知
  • 最新文献
  • 馆藏检索
  • 电子资源
  • 读者导购
  • 参考咨询
  • 我的图书馆
  • 登录
  • 详细信息显示
  • 放入我的书架
  • 预约/预借图书
  • 作者相关作品
  • 分类相关作品
  • 丛书相关作品
  • 出版社相关作品

书目信息

  • 表格格式
  • 工作单格式
  • 卡片格式
题名:
太极拳太极剑学练指引
    
 
作者: 周庆杰 编著
分册:  
出版信息: 北京   中国人民公安大学出版社  2010
页数: 216页
开本: 23cm
丛书名:
单 册:
中图分类: G852.11 , G852.24
科图分类:
主题词: 太极拳--基本知识 , 剑术(武术)--基本知识--中国
电子资源:
ISBN: 978-7-5653-0069-1
000 01203nam0 2200289 45
001 1130221594
005 20110309094047.78
010    @a978-7-5653-0069-1@dCNY35.00
100    @a20110122d2010 em y0chiy50 ea
101 0  @achi@aeng
102    @aCN@b110000
105    @ay z 000yy
106    @ar
200 1  @a太极拳太极剑学练指引@ATai Ji Quan Tai Ji Jian Xue Lian Zhi Yin@dA guidance for learning and praticing Taiji quan and Taiji sword@e中英对照@EZhong Ying Dui Zhao@f周庆杰编著@FZhou Qing Jie Bian Zhu@zeng
210    @a北京@c中国人民公安大学出版社@d2010
215    @a216页@c图@d23cm
300    @a外交学院李嘉诚学术基金资助
330    @a本书以中英文对照的方式编写了中国最普及的24式太极拳和32式太极剑的学练方法,通过对太极拳、太极剑动作名称的释义和太极拳理的解读,引领练习者体验太极拳每个动作的攻防含义、学练重点和太极拳运动所蕴含的文化意境。
510 1  @aGuidance for learning and praticing Taiji quan and Taiji sword@zeng
606 0  @a太极拳@x基本知识
606 0  @a剑术(武术)@x基本知识@y中国
610 0  @a太极剑
690    @aG852.11@v4
690    @aG852.24@v4
701  0 @a周庆杰@AZhou Qing Jie@4编著
801  0 @aCN@bTANGWEI@c20110309
905    @b0530640-43@dG852.11@e171@f4
    
    太极拳太极剑学练指引=A guidance for learning and praticing Taiji quan and Taiji sword:中英对照/周庆杰编著.-北京:中国人民公安大学出版社,2010
    216页:图;23cm
    外交学院李嘉诚学术基金资助
    
    ISBN 978-7-5653-0069-1:CNY35.00
    本书以中英文对照的方式编写了中国最普及的24式太极拳和32式太极剑的学练方法,通过对太极拳、太极剑动作名称的释义和太极拳理的解读,引领练习者体验太极拳每个动作的攻防含义、学练重点和太极拳运动所蕴含的文化意境。
●
相关链接 在E读中查询图书 在五车中查询图书 在当当中查询图书 在豆瓣中查询图书


正题名:太极拳太极剑学练指引     索取号:G852.11/171         预约/预借

序号 登录号 条形码 馆藏地/架位号 状态 备注
1 0530640   205306408   第一样本阅览室/ [索取号:G852.11/171] 在馆    
2 0530641   205306417   密集书库-体育系/ [索取号:G852.11/171] 在馆    
3 0530642   205306426   第四借阅区/ [索取号:G852.11/171] 在馆    
4 0530643   205306435   第四借阅区/ [索取号:G852.11/171] 在馆    
唐山师范学院图书馆 欢迎您!
大连网信软件有限公司© 版权所有